Nuevos "oribatei" para la fauna argentina /

Guardado en:
Autor Principal: Bischoff de Alzuet, Alcira.
Formato: Libro
Idioma:Spanish
Publicado: La Plata : Universidad, 1967.
Etiquetas: Agregar Etiqueta
Sin Etiquetas, Sea el primero en etiquetar este registro!
LEADER 00455nam a22001455a 4500
001 EUN.um030516
003 AR-BaUNS
005 20050623122906.0
008 041125s1967####ag############000#0#spa#d
245 1 0 |a Nuevos "oribatei" para la fauna argentina /  |c Alcira Bischoff de Alzuet. 
260 |a La Plata :  |b Universidad,  |c 1967. 
300 |a 4 p. 
100 1 |a Bischoff de Alzuet, Alcira. 
082 0 4 |a 591.982 
859 |a Ar-BaUNS  |b BIB. CENTRAL - Sector C  |h 591.982  |i B541  |p 51344/969